00991nam a2200253Ia 450000500170000000800390001702000150005604100080007108200160007924501490009525000220024426400290026630000420029533600270033733700330036433800280039750001050042565000390053065000340056970000310060370000320063470000360066604000350070220220316235254.0121119s2002 ck a gre 000 0 spa a95880587590 aspa04aR 463bD31C00aDiccionario enciclopédicoccoordinación, Sofía Acebo García , Elena Estremera Pañƒos ; dibujos, Isabelle Arslanian ... [et al.] aPrimera edición 1aBogotábLaroussec2002 a1824 páginasbilustracionesc23 cm. atextobtxt2rdacontent asin mediaciónbn2rdamedia avolumenbnc2rdacarrier aAcompañado de 1 folleto y 1 CD-ROM. El folleto acompañante tiene el titulo: La marcha del tiempo142LEMBaEnciclopedias y diccionarios142LEMBaEspañolvDiccionarios1 aAcebo García, Sofía1 aEstremera Paños, Elena1 aArslanian, Isabelleeilustrador aCO-BoRNBPbspaerdacCO-BoRNBP